شغل: کولیات منٹو-افسانے ، جلد 9 / (Record no. 171629)

MARC details
000 -LEADER
fixed length control field 00657nam a22001937a 4500
005 - DATE AND TIME OF LATEST TRANSACTION
control field 20200116152151.0
010 ## - LCCN (DPL NO)
LC control number B-123308
020 ## - INTERNATIONAL STANDARD BOOK NUMBER
International Standard Book Number 90.00
035 ## - SYSTEM CONTROL NUMBER
System control number B-123308
037 ## - SOURCE OF ACQUISITION
Source of stock number/acquisition BPPD
082 ## - DEWEY DECIMAL CLASSIFICATION NUMBER
Classification number ک
100 ## - MAIN ENTRY--PERSONAL NAME
Personal name سعادت حسن منٹو
245 ## - TITLE STATEMENT
Title شغل: کولیات منٹو-افسانے ، جلد 9 /
Statement of responsibility, etc سعادت حسن منٹو
246 ## - VARYING FORM OF TITLE
Title proper/short title Shaghl: Kulliyat-e-Manto- Afsane, vol.9 (Urdu) /
Remainder of title by Saadat Hasan Manto
260 ## - PUBLICATION, DISTRIBUTION, ETC. (IMPRINT)
Place of publication, distribution, etc New Delhi
Name of publisher, distributor, etc Educational Publishing House
Date of publication, distribution, etc 2005 ء
270 ## - ADDRESS
Address 3108, Vakil Street, Kucha Pandit, Lal Kuan
City Delhi
Postal code 110006
300 ## - PHYSICAL DESCRIPTION
Extent 144p.
Dimensions 22cm(pbk)
942 ## - ADDED ENTRY ELEMENTS (KOHA)
Source of classification or shelving scheme Dewey Decimal Classification
Item type Urdu Bks
Call number suffix م ن ٹ
Classification part ک
Holdings
Withdrawn status Lost status Not for loan Collection code Home library Current library Date acquired Source of acquisition Cost, normal purchase price Full call number Barcode Copy number Cost, replacement price Koha item type
      Non-fiction Central Library Central Library 16/01/2020 BPPD/Ven. 90.00 ک م ن ٹ B-123308 1 90.00 Urdu Bks

© Delhi Public Library
Hit Counter
free hit counter